| Tag |
First Indicator |
Second Indicator |
Subfields |
| LEADER |
00000cas a2200000 a 4500 |
| 001 |
in00000090912 |
| 005 |
20151008063820.0 |
| 008 |
751007d19741978sp uu yb 0uuub0spam |
| 010 |
|
|
|a 75642179
|
| 012 |
|
|
|a 4
|b 3
|d 7
|e -
|f -
|g p
|h -
|i ----
|
| 035 |
|
|
|a (OCoLC)02240679
|
| 035 |
|
|
|9 AAK2978AM
|
| 040 |
|
|
|a DLC
|c DLC
|d OCL
|d NST
|d TXA
|d UtOrBLW
|
| 042 |
|
|
|a lc
|
| 043 |
|
|
|a e-sp---
|
| 049 |
|
|
|a TXAE
|
| 050 |
0 |
0 |
|a PQ6001
|b .A55
|
| 245 |
0 |
3 |
|a El Ano literario espanol.
|
| 264 |
|
1 |
|a [Madrid] :
|b Editorial Castalia,
|c [1974-1978]
|
| 300 |
|
|
|a volumes :
|b illustrations ;
|c 26 cm.
|
| 336 |
|
|
|a text
|b txt
|2 rdacontent
|
| 337 |
|
|
|a unmediated
|b n
|2 rdamedia
|
| 338 |
|
|
|a volume
|b nc
|2 rdacarrier
|
| 362 |
0 |
|
|a 1974-1978
|
| 490 |
1 |
|
|a Literatura y sociedad
|
| 650 |
|
0 |
|a Spanish literature
|y 20th century
|v Periodicals.
|
| 760 |
1 |
|
|t Literatura y sociedad
|
| 785 |
0 |
0 |
|t Ano cultural espanol
|w (DLC) 81640840
|
| 830 |
|
0 |
|a Literatura y sociedad.
|
| 999 |
|
|
|a MARS
|
| 999 |
f |
f |
|s cead212e-e5ff-3751-9d81-a41690213eaf
|i 72bfb68c-ab20-3bab-8c7b-aea3020ec3eb
|t 0
|
| 952 |
f |
f |
|p normal
|a Texas A&M University
|b College Station
|c Sterling C. Evans Library
|d Evans: Library Stacks
|t 0
|e PQ6001 .A55
|h Library of Congress classification
|i unmediated -- volume
|l 1978
|m A14812194309
|
| 998 |
f |
f |
|a PQ6001 .A55
|s 1978
|t 0
|l Evans: Library Stacks
|